| 000 -LEADER |
| fixed length control field |
00646nam a22001937a 4500 |
| 003 - CONTROL NUMBER IDENTIFIER |
| control field |
OSt |
| 005 - DATE AND TIME OF LATEST TRANSACTION |
| control field |
20170526115443.0 |
| 008 - FIXED-LENGTH DATA ELEMENTS--GENERAL INFORMATION |
| fixed length control field |
170317t xxu||||| |||| 00| 0 eng d |
| 040 ## - CATALOGING SOURCE |
| Original cataloging agency |
BSHUA |
| Language of cataloging |
Shqip |
| Transcribing agency |
BSHUA |
| 082 ## - DEWEY DECIMAL CLASSIFICATION NUMBER |
| Item number |
785.11/Will. |
| 100 ## - MAIN ENTRY--PERSONAL NAME |
| Personal name |
Williamson, Malcolm ; |
| 245 ## - TITLE STATEMENT |
| Title |
Concerto Gross : |
| 260 ## - PUBLICATION, DISTRIBUTION, ETC. (IMPRINT) |
| Place of publication, distribution, etc |
London : |
| Name of publisher, distributor, etc |
Josef Weinberger Ltd. , |
| Date of publication, distribution, etc |
1965 . |
| 300 ## - PHYSICAL DESCRIPTION |
| Dimensions |
19 cm. . |
| Size of unit |
63 f. : me nota ; |
| 653 ## - INDEX TERM--UNCONTROLLED |
| Uncontrolled term |
Partitura. |
| -- |
Muzika boterore - Muzika australiane. |
| -- |
Muzika orkestrale - Koncerte. |
| -- |
Koncerto groso, per orkester simfonike. |
| -- |
Kompozitoret australiane - Malkolm Uilliamson |
| 856 ## - ELECTRONIC LOCATION AND ACCESS |
| Link text |
Fulltext |
| 942 ## - ADDED ENTRY ELEMENTS (KOHA) |
| Source of classification or shelving scheme |
|
| Koha item type |
Music Scores |
| 953 ## - Fulltext |
| Is Fulltext Available |
Unavailable |